[Event "Floripa Chess Open 2024"]
[Site "Florianopolis"]
[Date "2024.01.22"]
[Round "4.69"]
[White "Souza Dos Santos, Matheus Garcett"]
[Black "Pereira, Arthur Macedo"]
[Result "0-1"]
[WhiteElo "2024"]
[BlackElo "1764"]
[PlyCount "46"]
[EventDate "2024.01.20"]
[EventRounds "10"]
[EventCountry "BRA"]

1. d4 Nf6 2. c4 e6 3. Nc3 Bb4 4. e3 c5 5. Nf3 cxd4 6. exd4 d5 7. Bd3 dxc4 8.
Bxc4 O-O 9. O-O b6 10. a3 Be7 11. Re1 ({RR} 11. d5 exd5 12. Nxd5 Bb7 13. Nxe7+
Qxe7 14. b4 Rd8 15. Qb3 Bd5 16. Bb2 Bxc4 17. Qxc4 Nbd7 18. Rfe1 Qf8 19. Rad1
Rdc8 20. Qf4 Rc2 21. Ba1 Rac8 22. Ne5 Nxe5 23. Bxe5 Ne8 24. Qf5 R2c6 25. Rd7
Re6 {Avazkhonov,A (1538)-Wagh,S (2341) chess.com INT 2023 0-1 (45)}) 11... Bb7
12. Bd3 Nbd7 13. Bc2 $146 ({RR} 13. Qe2 Nd5 14. Nxd5 Bxd5 15. Bf4 Nf6 16. Ne5
Bb7 17. Qe3 Nh5 18. Qh3 g6 19. Be3 Rc8 20. Rac1 Rxc1 21. Rxc1 Bf6 22. Be2 Ng7
23. Bf3 Bxf3 24. Qxf3 Nf5 25. Nc6 Qc7 26. g4 Nxe3 27. fxe3 Bh4 {Carlsen,M  
(2847)-Aronian,L (2781) chess24.com INT 2021 1-0 (64)}) ({RR} 13. Ne5 Nd5 14.
Qf3 Nxe5 15. dxe5 Nxc3 16. Qxb7 Qxd3 17. Qxe7 Nd5 18. Qh4 Rac8 19. Qg3 Qxg3 20.
hxg3 Rc2 21. Kf1 Rfc8 22. Rd1 a5 23. Rb1 h6 24. Bd2 Kh7 25. Rdc1 h5 26. Rxc2
Rxc2 27. Ke2 Kg6 {Aleksandrov,A (2583)-Khismatullin,D (2681) St Petersburg
2014 0-1 (41)}) 13... Rc8 14. Qd3 g6 15. Bh6 Re8 16. Rad1 Qc7 17. Bb3 Ng4 18.
Bc1 Bxf3 19. Qxf3 Qxh2+ 20. Kf1 Qh5 21. Bf4 Bg5 22. Ne4 Bxf4 23. Qxf4 Qb5+ 0-1

[Event "Floripa Chess Open 2024"]
[Site "Florianopolis"]
[Date "2024.01.22"]
[Round "4.70"]
[White "Mariot Vaz, Joao Antonio Bertol"]
[Black "Guerrero, Alvaro"]
[Result "1-0"]
[WhiteElo "1772"]
[BlackElo "1999"]
[PlyCount "57"]
[EventDate "2024.01.20"]
[EventRounds "10"]
[EventCountry "BRA"]

1. e4 g6 2. d4 d6 3. Nc3 Bg7 4. Bc4 a6 5. a4 b6 6. Be3 e6 ({RR} 6... Bb7 7. Nf3
e6 8. O-O Nf6 9. Bd3 O-O 10. Qd2 Nbd7 11. Bh6 e5 12. Rfe1 exd4 13. Nxd4 Nc5 14.
Bxg7 Kxg7 15. f3 {1/2-1/2 (15) Xie,J (2480)-Ye,J (2545) Shenzhen 1992}) 7. Nge2
Ne7 8. O-O ({RR} 8. Qd2 Bb7 9. Bh6 Bxh6 10. Qxh6 d5 11. Bd3 c5 12. dxc5 bxc5
13. exd5 exd5 14. O-O-O Ng8 15. Qf4 Qf6 16. Rhe1 Kf8 17. Qc7 Bc6 18. Nf4 c4 19.
Ncxd5 Bxd5 20. Qc5+ {1-0 (20) Matt,F (2302)-Heer,S (2047) Bregenz AUT 2023})
8... Bb7 9. Bb3 $146 ({RR} 9. f3 O-O 10. Qd2 d5 11. Ba2 Nbc6 12. Rad1 Rc8 13.
exd5 exd5 14. Ng3 Nb4 15. Bb1 Qd7 16. Nce2 Nbc6 17. Bh6 Nd8 18. Bxg7 Kxg7 19.
Nf4 Ng8 20. Rfe1 Bc6 21. b3 Qd6 22. Nd3 Ne6 23. Ne5 Bb7 {Henriksson,C (2355)
-Gaprindashvili,N (2435) Helsinki 1992 1-0 (44)}) ({RR} 9. Qd2 h6 10. Rfd1 Nd7
11. Nf4 Nf6 12. f3 d5 13. exd5 exd5 14. Bf1 O-O 15. Nce2 Nf5 16. Bf2 Re8 17. c3
h5 18. Ng3 Nxg3 19. hxg3 Qd6 20. Nd3 Nd7 21. a5 b5 22. Re1 Rad8 23. Qf4 Bf8 {
Moeldner,J (2267)-Braun,V (2378) Halle 2012 1/2-1/2 (36)}) 9... Nd7 10. Qd2 O-O
11. f4 d5 12. e5 c5 13. Nd1 cxd4 14. Bxd4 Nc6 15. c3 a5 16. Ne3 Nc5 17. Bc2 Ba6
18. Rf3 Ne4 19. Qe1 Rc8 20. Rd1 Qc7 21. Rh3 Bxe2 22. Qxe2 f5 23. g4 Ne7 24.
gxf5 exf5 25. Bb3 Rfd8 26. Qb5 Nc5 27. Ba2 Qc6 28. Qxc6 Rxc6 29. Nxd5 1-0

[Event "Floripa Chess Open 2024"]
[Site "Florianopolis"]
[Date "2024.01.22"]
[Round "4.71"]
[White "De Oliveira, Yuri Garcia"]
[Black "Ferreira, Rodrigo Maycon Mira"]
[Result "1-0"]
[WhiteElo "1997"]
[BlackElo "1754"]
[PlyCount "18"]
[EventDate "2024.01.20"]
[EventRounds "10"]
[EventCountry "BRA"]

1. c4 e5 2. Nc3 f5 3. Nf3 d6 4. g3 Be7 5. Bg2 Nf6 6. d3 O-O 7. b4 ({RR} 7. e4
fxe4 8. dxe4 Nc6 9. O-O Bg4 10. h3 Bh5 11. Be3 Nd7 12. Nd5 Nc5 {1/2-1/2 (12)
Anastasian,A (2596)-Ibragimov,I (2617) Beersheba 2005}) 7... c6 ({RR} 7... Qe8
8. Qb3 Kh8 9. h4 c6 10. Bg5 Be6 11. Qb2 Nbd7 12. b5 d5 13. cxd5 cxd5 14. O-O
Bd6 15. e3 Ng4 16. e4 d4 17. Nd5 Nc5 18. Ne1 Na4 19. Qb3 Nc3 20. exf5 Rxf5 21.
Be4 Qf7 22. Bxf5 {Hong,X (1941)-Zhang,D (2325) Tianjin CHN 2023 0-1}) 8. b5 Kh8
$146 ({RR} 8... a6 9. a4 axb5 10. cxb5 Qe8 11. Ng5 h6 12. Qb3+ d5 13. Nf3 e4
14. dxe4 fxe4 15. Ne5 Bc5 16. bxc6 bxc6 17. Bb2 Qxe5 18. Nxe4 Bd4 19. f4 Qe7
20. Bxd4 Nxe4 21. O-O Ba6 22. Rfe1 Bc4 23. Qb2 {Araujo,E (1956)-Melikhov,E  
(2269) chess.com INT 2022 0-1}) 9. O-O Be6 1-0

[Event "Floripa Chess Open 2024"]
[Site "Florianopolis"]
[Date "2024.01.22"]
[Round "4.72"]
[White "Franca Junior, Jairo"]
[Black "Costa, Flavio Luis Cesar"]
[Result "1/2-1/2"]
[WhiteElo "1753"]
[BlackElo "1994"]
[PlyCount "62"]
[EventDate "2024.01.20"]
[EventRounds "10"]
[EventCountry "BRA"]

1. d4 Nf6 2. Nf3 g6 3. Bf4 Bg7 4. e3 d6 5. h3 O-O 6. Bd3 Nbd7 7. Nbd2 Re8 ({RR
} 7... c5 8. O-O b6 9. Qe2 Nd5 10. Bh2 Nb4 11. Bb5 a6 12. a3 axb5 13. axb4 Rxa1
14. Rxa1 cxb4 15. Qxb5 Qc7 16. Rc1 Bb7 17. Qxb4 Ra8 18. Bg3 Ra6 19. Qb3 h6 20.
Ne1 Qc8 21. Nef3 Qa8 22. Qb5 {Stock,M (2225)-Maiwald,J (2210) Krumbach 1991
0-1 (45)}) 8. Bc4 $146 ({RR} 8. e4 e5 9. dxe5 dxe5 10. Be3 Nh5 11. g3 Qe7 12.
Qe2 Nc5 13. Bxc5 Qxc5 14. O-O-O Be6 15. Bc4 Bxc4 16. Nxc4 b5 17. Ne3 Bh6 18.
Rhe1 Rad8 19. Nd2 Nf6 20. Kb1 Bxe3 21. Qxe3 Qxe3 22. Rxe3 Rd6 {Thelen,
B-Pachman,L Prague 1945 0-1 (51)}) ({RR} 8. Nc4 b5 9. Ncd2 a6 10. a4 e5 11. Bg5
Bb7 12. dxe5 dxe5 13. Be4 c6 14. Nh2 Nc5 15. Bxf6 Qxf6 16. axb5 axb5 17. Rxa8
Rxa8 18. b4 Nxe4 19. Nxe4 Qh4 20. g4 c5 21. Nf3 Qd8 22. Qxd8+ Rxd8 {Abasov,Y  
(1597)-Akhmedov,F (2137) Guba AZE 2023 0-1}) ({RR} 8. Nc4 b5 9. Na5 c6 10. Nxc6
Qb6 11. d5 Nxd5 12. Be4 Nxf4 13. exf4 Bb7 14. Qd5 Nf6 15. Qd4 Nxe4 16. Qxb6
axb6 17. Ncd4 b4 18. O-O Rec8 19. Rfe1 e5 20. fxe5 dxe5 {0-1 (20) Guimaraes de
Mara,F-Toth,P Recife 1963}) 8... e5 9. dxe5 Nxe5 10. Bb3 b6 11. O-O Bb7 12.
Nxe5 dxe5 13. Bg5 Qe7 14. Qe2 a5 15. Rad1 h6 16. Bh4 Red8 17. a3 Kh7 18. c3 Qe8
19. Nf3 g5 20. Bg3 Ne4 21. Bh2 Nc5 22. Bc2+ Kg8 23. Rxd8 Rxd8 24. Rd1 Rxd1+ 25.
Qxd1 a4 26. Bg3 Qa8 27. Bb1 Bf6 28. Ne1 Be4 29. f3 Bxb1 30. Qxb1 Qd5 31. Qf5
Kg7 1/2-1/2

[Event "Floripa Chess Open 2024"]
[Site "Florianopolis"]
[Date "2024.01.22"]
[Round "4.74"]
[White "Soares, Joao Carlos T. C."]
[Black "Fuxz, Diego"]
[Result "1-0"]
[WhiteElo "1983"]
[BlackElo "1749"]
[PlyCount "93"]
[EventDate "2024.01.20"]
[EventRounds "10"]
[EventCountry "BRA"]

1. d4 d5 2. c4 dxc4 3. Nf3 a6 4. a4 Nc6 5. e3 e5 6. Bxc4 e4 7. Nfd2 f5 8. O-O
Bd6 9. Bxg8 $146 ({RR} 9. f4 Nf6 10. Be2 Be6 11. Nc4 O-O 12. Nc3 Be7 13. b3 Bb4
14. Na2 Be7 15. Ba3 Nd5 16. Bxe7 Qxe7 17. Qd2 Kh8 18. Nc3 Ncb4 19. Nxd5 Nxd5
20. Ne5 Rfd8 21. Rfc1 c6 22. Bc4 g5 23. g3 gxf4 {Silva,J (1957)-Fuxz,D (1749)
Florianopolis BRA 2024 1-0 (43)}) 9... Rxg8 10. Qh5+ g6 11. Qxh7 Be6 12. f4 Nb4
13. Na3 Qf6 14. Qh3 Nd3 15. Nac4 Bb4 16. b3 Bc3 17. Ra2 Bxd4 18. exd4 Nb4 19.
Rb2 O-O-O 20. Rb1 Qxd4+ 21. Qe3 Qd7 22. Ne5 Qd5 23. Ndc4 g5 24. Qa7 b6 25. Ne3
Qb7 26. Qxb7+ Kxb7 27. fxg5 Nd3 28. Nxd3 exd3 29. Bd2 Rxg5 30. h4 Rg3 31. Rf4
b5 32. Kf2 Rdg8 33. axb5 axb5 34. b4 Kc6 35. Rc1+ Kd6 36. Rg1 Ke5 37. Rf3 R3g7
38. Bc3+ Ke4 39. Bxg7 Rxg7 40. g3 c6 41. Rf4+ Ke5 42. Ke1 Rxg3 43. Rxf5+ Bxf5
44. Rxg3 Be4 45. Kd2 c5 46. Rg5+ Kd4 47. Rxc5 1-0

[Event "Floripa Chess Open 2024"]
[Site "Florianopolis"]
[Date "2024.01.22"]
[Round "4.75"]
[White "Gomes, Maria Eduarda Papin"]
[Black "Ferreira, Andrei Dias"]
[Result "1/2-1/2"]
[WhiteElo "1744"]
[BlackElo "1977"]
[PlyCount "67"]
[EventDate "2024.01.20"]
[EventRounds "10"]
[EventCountry "BRA"]

1. d4 Nf6 2. c4 e6 3. Nc3 Bb4 4. e3 O-O 5. Bd3 d5 6. cxd5 exd5 7. Nf3 ({RR} 7.
a3 Bd6 8. Qc2 c6 9. Nge2 Re8 10. Bd2 b6 11. O-O Ba6 12. Kh1 c5 13. Rad1 g6 14.
Qb1 Bb7 15. Nf4 Nbd7 16. f3 Nf8 17. b4 cxd4 18. exd4 Bxf4 19. Bxf4 Nh5 20. Be5
f6 21. Bg3 Nxg3+ {Aronian,L (2772)-Vidit,S (2727) Berlin GER 2022 1-0 (64)})
7... Re8 8. O-O a5 $146 ({RR} 8... Nbd7 9. Qb3 Bxc3 10. bxc3 c5 11. c4 cxd4 12.
exd4 Nf8 13. cxd5 Qxd5 14. Bc4 Qh5 15. Ng5 Re7 16. d5 h6 17. Nf3 b5 18. Qxb5
Bg4 19. d6 Qxb5 20. Bxb5 Re6 21. Ba3 Bxf3 22. gxf3 Ne8 23. Rfd1 {Mueller,
H-Takacs,S Vienna 1927 1/2-1/2 (44)}) ({RR} 8... Bd6 9. Nb5 Bf8 10. Qc2 c6 11.
Nc3 Bd6 12. h3 Nbd7 13. a3 Nf8 14. Nh2 Qe7 15. f4 Ne4 16. Nf3 Bf5 17. Ng5 Nxc3
18. Bxf5 Ne4 19. Nxe4 dxe4 20. Bg4 Nd7 21. Bd2 Nf6 22. Be2 Nd5 23. Bc4 {
Fedoseev,V (2674)-Prraneeth,V (2437) Ciutadella de Menorca ESP 2023 1-0 (71)})
({RR} 8... c6 9. Qc2 Nbd7 10. Bd2 Bd6 11. Rfe1 h6 12. h3 Nf8 13. Re2 Bd7 14.
Rae1 Rc8 15. e4 dxe4 16. Nxe4 Nxe4 17. Bxe4 Be6 18. Bd3 Re7 19. Qc1 Bd5 20.
Rxe7 Bxe7 21. Ne5 Bg5 22. f4 Bh4 23. Rf1 {Sychev,K (2534)-Grischuk,A (2745)
chess.com INT 2022 0-1 (49)}) 9. Qc2 Na6 10. a3 Bf8 11. Bd2 c6 12. Rfc1 c5 13.
dxc5 Nxc5 14. Bb5 Bd7 15. Nd4 Rc8 16. f3 Bxb5 17. Ndxb5 Qd7 18. Rd1 a4 19. Nd4
h5 20. Re1 g6 21. Rad1 Bd6 22. Ndb5 Bb8 23. Bc1 Nb3 24. Qd3 Nc5 25. Qd4 Re6 26.
Qh4 Be5 27. e4 Bxc3 28. Nxc3 d4 29. e5 Qc7 30. Nb5 Qb6 31. Nxd4 Nb3 32. Be3
Rxe5 33. Nf5 Qe6 34. Nd4 1/2-1/2

[Event "Floripa Chess Open 2024"]
[Site "Florianopolis"]
[Date "2024.01.22"]
[Round "4.77"]
[White "Machado, Luiz Fernando"]
[Black "Andrade, Roberto Luiz Costa"]
[Result "0-1"]
[WhiteElo "1737"]
[BlackElo "1962"]
[PlyCount "58"]
[EventDate "2024.01.20"]
[EventRounds "10"]
[EventCountry "BRA"]

1. e4 c5 2. Nf3 Nf6 3. Nc3 Nc6 4. d4 cxd4 5. Nxd4 e5 6. Ndb5 d6 7. Nd5 Nxd5 8.
exd5 Ne7 9. c4 Ng6 10. Bd3 a6 11. Nc3 Be7 12. O-O ({RR} 12. g3 f5 13. O-O O-O
14. f3 Bg5 15. Kh1 Bd7 16. f4 exf4 17. gxf4 {1/2-1/2 (17) Sheng,J (2453)-Homa,
S (2269) Philadelphia USA 2021}) 12... f5 ({RR} 12... O-O 13. Bd2 f5 14. Be2
Bg5 15. Qc1 Bxd2 16. Qxd2 Nf4 17. Kh1 Rf6 18. g3 Nxe2 19. Nxe2 Bd7 20. f4 e4
21. Rfe1 Qe8 22. Nd4 Qg6 23. Qb4 Rb8 24. Qd2 Qh5 25. b3 Rg6 26. Qf2 Rf8 27.
Rad1 {Paltarzhytski,P-Osipova,M (1203) Minsk BLR 2023 0-1 (36)}) 13. Bc2 $146 (
{RR} 13. f3 O-O 14. Kh1 Nh8 15. b4 Nf7 16. Qb3 f4 17. Ne4 Ng5 18. c5 Nxe4 19.
Bxe4 Rf6 20. Bb2 Kh8 21. cxd6 Bxd6 22. Qd3 Qe8 23. a3 Qh5 24. Kg1 Rh6 25. h3
Qg5 26. Rf2 Bxh3 27. Kf1 Bd7 {Schiewer,R-Walter Germany 1995 1-0 (46)}) ({RR} 
13. a4 O-O 14. a5 Bg5 15. Ne2 e4 16. Bc2 Ne5 17. b3 Qf6 18. Nd4 Bxc1 19. Rxc1
Bd7 20. Re1 Qg6 21. f3 Rae8 22. fxe4 f4 23. Nf3 Bg4 24. Kh1 Qh5 25. Rf1 Rf6 26.
Bd3 Rh6 27. Rf2 g5 {Romilly,P-Goldsmith,A Islington 1973 0-1 (39)}) 13... O-O
14. b3 Bf6 15. Bb2 Bd7 16. Ne2 Bg5 17. f3 Be3+ 18. Kh1 Qh4 19. Qe1 Qe7 20. f4
b5 21. fxe5 dxe5 22. Qc3 Bc5 23. Rad1 Rac8 24. Qh3 f4 25. Qh5 e4 26. Nd4 bxc4
27. bxc4 f3 28. Ne6 Bxe6 29. dxe6 Nf4 0-1

[Event "Floripa Chess Open 2024"]
[Site "Florianopolis"]
[Date "2024.01.22"]
[Round "4.78"]
[White "Silva, Jeferson"]
[Black "Predebon, Eduardo Angonesi"]
[Result "1-0"]
[WhiteElo "1957"]
[BlackElo "1742"]
[PlyCount "47"]
[EventDate "2024.01.20"]
[EventRounds "10"]
[EventCountry "BRA"]

1. c4 e5 2. Nc3 Nf6 3. g3 c6 4. d4 e4 5. Bg5 d5 6. Bxf6 gxf6 7. cxd5 cxd5 8.
Qb3 Nc6 9. Qxd5 Be6 $146 ({RR} 9... f5 10. O-O-O Qe7 11. e3 Be6 12. Qb5 a6 13.
Qa4 Bd7 14. Qb3 b5 15. Nd5 Qd6 16. Nb6 Na5 17. Qd5 Rc8+ 18. Kb1 Qxd5 19. Nxd5
Be6 20. Nf4 Bd7 21. Nge2 Bd6 22. Bh3 h5 23. b3 Ba3 24. d5 {Asarkhinov,B (1928)
-Taraday,D Dagomys 2009 1-0 (40)}) 10. Qxd8+ Rxd8 11. e3 Nb4 12. Kd2 f5 13.
Bb5+ Ke7 14. a3 Nd5 15. Nxd5+ Bxd5 16. Rc1 Bh6 17. Ne2 a6 18. Bc4 Bc6 19. b4
Rd7 20. Kc3 Rc8 21. Kb2 Rdc7 22. Rc3 Kd6 23. Rhc1 Ba4 24. Bxf7 1-0

[Event "Floripa Chess Open 2024"]
[Site "Florianopolis"]
[Date "2024.01.22"]
[Round "4.79"]
[White "Szuba, Joao Gabriel Muniz"]
[Black "Benitez, Andres"]
[Result "1-0"]
[WhiteElo "1709"]
[BlackElo "1956"]
[PlyCount "159"]
[EventDate "2024.01.20"]
[EventRounds "10"]
[EventCountry "BRA"]

1. d4 d5 2. c4 e6 3. Nf3 a6 4. g3 dxc4 5. a4 c5 ({RR} 5... Nc6 6. Bg2 Rb8 7.
O-O Na5 8. Ne5 f6 9. Nf3 c6 10. Bf4 Bd6 11. Nbd2 Bxf4 12. gxf4 Qd6 13. e3 Qb4
14. Qc2 Ne7 15. Rfb1 b5 16. b3 cxb3 17. Nxb3 Nxb3 18. Rxb3 Qd6 19. Nd2 O-O 20.
Ne4 {Turzo,A (2279)-Glashausser,S (1978) chess.com INT 2023 1-0 (36)}) 6. Bg2
Nc6 7. e3 cxd4 8. exd4 $146 ({RR} 8. Nxd4 Nxd4 9. Qxd4 Qxd4 10. exd4 Nf6 11.
O-O Nd5 12. Nc3 Nxc3 13. bxc3 Bd6 14. Ba3 Bxa3 15. Rxa3 Rb8 16. Rb1 b5 17. axb5
axb5 18. Rxb5 Rxb5 19. Bc6+ Bd7 20. Bxb5 Ke7 21. Ra7 Rd8 22. Bxc4 Rb8 {Jozefek,
M (2226)-Stevik,P (2024) Skalica SVK 2021 1-0}) 8... Bb4+ 9. Bd2 Bxd2+ 10. Qxd2
Nf6 11. O-O O-O 12. Na3 Na5 13. Qe2 Bd7 14. Nxc4 Nxc4 15. Qxc4 Rc8 16. Qb3 Bc6
17. Rac1 Qa5 18. Ne5 Bxg2 19. Kxg2 Qd5+ 20. Qxd5 Nxd5 21. Nd7 Rfd8 22. Nc5 Rc7
23. a5 Rdc8 24. Kf3 h6 25. Ke4 Nf6+ 26. Kd3 Nd7 27. b4 Nb8 28. Ke4 Nc6 29. Nd3
f5+ 30. Ke3 Nxb4 31. Rxc7 Nd5+ 32. Kd2 Rxc7 33. Rb1 Nc3 34. Rb3 Nb5 35. Ke3 Kf7
36. f4 Ke7 37. Nc5 Kd6 38. Nd3 Rc8 39. Nc5 Rc7 40. Rb1 Kd5 41. Rd1 Nxd4 42.
Nxe6 Kxe6 43. Rxd4 Rc3+ 44. Kd2 Rc5 45. Rb4 Rb5 46. Rxb5 axb5 47. Kc3 Kd5 48.
Kb4 Kc6 49. h3 g6 50. g4 h5 51. gxf5 gxf5 52. h4 Kd5 53. Kxb5 Ke4 54. Kb6 Kxf4
55. Kxb7 Kg3 56. a6 f4 57. a7 f3 58. a8=Q f2 59. Qg8+ Kh2 60. Qf7 Kg2 61. Qg6+
Kh2 62. Qf5 Kg2 63. Qe4+ Kg1 64. Qe3 Kg2 65. Qe2 Kg1 66. Qe3 Kg2 67. Qg5+ Kh3
68. Qf5+ Kg2 69. Qxh5 f1=Q 70. Qg4+ Kh2 71. h5 Qf7+ 72. Kc6 Qf6+ 73. Kd5 Qf7+
74. Ke4 Qe8+ 75. Kf4 Qf8+ 76. Qf5 Qb8+ 77. Qe5 Qf8+ 78. Kg4+ Kg2 79. Qg3+ Kh1
80. Qf3+ 1-0

[Event "Floripa Chess Open 2024"]
[Site "Florianopolis"]
[Date "2024.01.22"]
[Round "4.81"]
[White "Conor, Gilberto Bordignon"]
[Black "Bassani, Jaison Jose"]
[Result "0-1"]
[WhiteElo "1704"]
[BlackElo "1949"]
[PlyCount "60"]
[EventDate "2024.01.20"]
[EventRounds "10"]
[EventCountry "BRA"]

1. e4 c5 2. Nf3 Nc6 3. d4 cxd4 4. Nxd4 e5 5. Nb5 d6 6. Be3 Nf6 7. N1c3 a6 8.
Na3 b5 9. Nd5 Rb8 10. f3 Nxd5 11. exd5 Ne7 12. c4 Nf5 13. Ba7 $146 ({RR} 13.
Nc2 bxc4 14. Bxc4 Qh4+ 15. g3 Qxc4 16. b3 Nxe3 17. Nxe3 Qc3+ 18. Kf2 Qb2+ 19.
Qc2 Qxc2+ 20. Nxc2 Be7 21. Rac1 O-O 22. Ne3 Bg5 23. Rc6 Bxe3+ 24. Kxe3 Rd8 25.
Rhc1 Bb7 26. Rb6 Bxd5 27. Rxa6 Ra8 {Selcer,E (1650)-Tache,B (1720) Clichy 2003
0-1 (37)}) ({RR} 13. Qd2 Nxe3 14. Qxe3 b4 15. Nc2 Be7 16. Bd3 Bg5 17. Qa7 Rb7
18. Qxa6 O-O 19. O-O b3 20. Ne1 Be3+ 21. Kh1 Bd4 22. Rb1 Ra7 23. Qb5 bxa2 24.
Ra1 f5 25. Nc2 Bd7 26. Qb4 Bc5 27. Qc3 Rf6 {Oliveira,I (1356)-Souza,V
Florianopolis BRA 2023 1/2-1/2 (39)}) ({RR} 13. Bf2 Be7 14. Bd3 O-O 15. cxb5
axb5 16. O-O Qa5 17. Qc2 g6 18. Rfc1 Bg5 19. Qc7 Qa8 20. Rd1 Rb7 21. Qc2 Ne3
22. Bxe3 Bxe3+ 23. Kf1 Bd7 24. Qe2 Bc5 25. Nxb5 f5 26. a4 e4 27. Bc4 Qd8 {
Wasik,P (1865)-Gawronski,L (2121) Krakow 2006 0-1 (35)}) 13... Rb7 14. Bf2 Bd7
15. Qd2 Be7 16. cxb5 Bg5 17. Qb4 O-O 18. g4 Ne3 19. Bd3 f5 20. h4 Bf4 21. g5 e4
22. Bxe3 Bxe3 23. Be2 exf3 24. Bxf3 Bc5 25. Qc3 Re8+ 26. Be2 Bxa3 27. Qxa3 Bxb5
28. Rh2 Rbe7 29. Kf1 Rxe2 30. Rxe2 Rxe2 0-1

[Event "Floripa Chess Open 2024"]
[Site "Florianopolis"]
[Date "2024.01.22"]
[Round "4.82"]
[White "Lutz, Igor Oscar"]
[Black "Panazzolo, Paulo Victor"]
[Result "1-0"]
[WhiteElo "1947"]
[BlackElo "1730"]
[PlyCount "135"]
[EventDate "2024.01.20"]
[EventRounds "10"]
[EventCountry "BRA"]

1. d4 f5 2. c4 Nf6 3. Nf3 g6 4. g3 Bg7 5. Bg2 O-O 6. O-O d6 7. b3 Nc6 8. Bb2
Qe8 9. d5 Nd8 10. Qc2 e5 11. dxe6 Nxe6 12. Nbd2 Nc5 13. Rfe1 Nce4 $146 ({RR} 
13... a5 14. Nd4 Bd7 15. Nf1 Qe7 16. Ne3 c6 17. a3 Rae8 18. b4 Nce4 19. Qb3 a4
20. Qd3 Nxf2 21. Kxf2 Qxe3+ 22. Qxe3 Ng4+ 23. Kg1 Nxe3 24. c5 Nc4 {0-1 (24)
Lindstrom,A (1932)-Semcesen,D (2466) Vaxjo 2015}) 14. Nxe4 fxe4 15. Ng5 e3 16.
f3 Bf5 17. Qc1 h6 18. Nh3 g5 19. Bd4 Nd7 20. Bxg7 Kxg7 21. Qc3+ Kh7 22. Kh1 Qe6
23. g4 Bg6 24. Rad1 b6 25. Rd5 Qe7 26. Rf1 a5 27. Rd4 Nc5 28. f4 Rae8 29. f5
Bf7 30. a3 Qe5 31. b4 axb4 32. axb4 Nb3 33. Rd3 Qxc3 34. Rxc3 Nd2 35. Rfc1 Ne4
36. R3c2 Nf6 37. Bf3 Re7 38. Ng1 Nd7 39. Bd5 Ne5 40. Bxf7 Rfxf7 41. h3 Nc6 42.
Rb2 h5 43. Nf3 Kh6 44. Kg2 Ne5 45. Nxe5 Rxe5 46. Rb3 Rfe7 47. Rcc3 Re4 48. Kg3
h4+ 49. Kg2 Kg7 50. c5 bxc5 51. bxc5 d5 52. Rd3 d4 53. Rb4 Rf4 54. Rbxd4 Rf2+
55. Kg1 Rxe2 56. Rd7 Kf6 57. Rxe7 Kxe7 58. Kf1 Rf2+ 59. Ke1 Rf3 60. c6 Rxh3 61.
Rd7+ Ke8 62. Rxc7 Rf3 63. Ke2 Rf4 64. Rg7 Rxg4 65. c7 Rc4 66. f6 Kf8 67. Rd7 h3
68. Rd8+ 1-0

[Event "Floripa Chess Open 2024"]
[Site "Florianopolis"]
[Date "2024.01.22"]
[Round "4.83"]
[White "Reis, Virginia Lagrange M"]
[Black "Nascimento, Pedro Henrique Alve"]
[Result "1/2-1/2"]
[WhiteElo "1676"]
[BlackElo "1946"]
[PlyCount "97"]
[EventDate "2024.01.20"]
[EventRounds "10"]
[EventCountry "BRA"]

1. e4 e6 2. d4 d5 3. Nd2 Nc6 4. c3 e5 5. exd5 Qxd5 6. dxe5 Qxe5+ 7. Qe2 ({RR} 
7. Be2 Nf6 8. Ngf3 Qh5 9. Nd4 Qc5 10. N2b3 Qd6 11. O-O Nxd4 12. Nxd4 Bd7 13.
Qb3 c5 14. Nb5 Qb6 15. Bf4 Rc8 16. Rfe1 Be6 17. Qa4 Qc6 18. Bf3 Nd5 19. Bxd5 {
1-0 (19) Mogirzan,M (1813)-Souza,G (1943) chess.com INT 2023}) 7... Nf6 8. Ngf3
Qxe2+ 9. Bxe2 Bc5 $146 ({RR} 9... Bd7 10. O-O h6 11. Nb3 O-O-O 12. Be3 Nd5 13.
Bc5 Nf4 14. Bb5 a6 15. Bc4 Be6 16. Bxe6+ Nxe6 17. Be3 Bd6 18. Rad1 Rhe8 19. g3
f5 20. Kg2 f4 21. Bc1 g5 22. g4 Ne5 23. Nxe5 Bxe5 24. Rfe1 {Al Thebaiti,A  
(1976)-Mesropov,K (2422) Moscow RUS 2019 0-1 (45)}) ({RR} 9... Bd7 10. O-O h6
11. Nb3 O-O-O 12. Be3 Nd5 13. Bc5 Nf4 14. Bb5 a6 15. Bc4 Be6 16. Bxe6+ Nxe6 17.
Be3 Bd6 18. Rad1 Rhe8 19. g3 f5 20. Kg2 f4 21. Bc1 g5 22. g4 Ne5 23. Nxe5 Bxe5
24. Rfe1 {Al Thebaiti,A (1976)-Mesropov,K (2422) Moscow RUS 2019 0-1 (45)}) 10.
O-O O-O 11. Nb3 Bb6 12. Bg5 Ne4 13. Bf4 Bg4 14. Bd3 Rfe8 15. Nfd4 Nxd4 16. cxd4
Bh5 17. Rac1 c6 18. Nc5 Nxc5 19. dxc5 Bd8 20. Be3 Bf6 21. b3 Rad8 22. Bb1 Bb2
23. Rc2 Bf6 24. Rcc1 Bd4 25. Bxd4 Rxd4 26. Rfe1 Red8 27. Kf1 Kf8 28. f3 Rd2 29.
Re2 Rd1+ 30. Re1 Rxc1 31. Rxc1 Rd2 32. Re1 Bg6 33. Bxg6 hxg6 34. Re2 Rd1+ 35.
Re1 Rd5 36. b4 f5 37. Re2 Kf7 38. Rc2 Rd4 39. a3 Ke6 40. Rc3 f4 41. Rc2 Kd5 42.
Rc3 Rc4 43. Rd3+ Rd4 44. Rc3 g5 45. Rc2 b6 46. cxb6 axb6 47. Rc3 Rc4 48. Rd3+
Rd4 49. Rc3 1/2-1/2

[Event "Floripa Chess Open 2024"]
[Site "Florianopolis"]
[Date "2024.01.22"]
[Round "4.84"]
[White "Soares, Rafael Tuma"]
[Black "Carvalho Jr, Celestino"]
[Result "1/2-1/2"]
[WhiteElo "1540"]
[BlackElo "1939"]
[PlyCount "65"]
[EventDate "2024.01.20"]
[EventRounds "10"]
[EventCountry "BRA"]

1. e4 d5 2. exd5 Qxd5 3. Nc3 Qa5 4. Bc4 c6 5. d4 Nf6 6. Nge2 Bf5 7. O-O e6 8.
Bf4 ({RR} 8. Bd2 Qc7 9. Bf4 Bd6 10. Bxd6 Qxd6 11. Ng3 Bg6 12. Bd3 Nbd7 13. h3
O-O 14. Bxg6 hxg6 15. Nce4 Nxe4 16. Nxe4 Qf4 17. Re1 Nf6 18. Qd2 Qxd2 19. Nxd2
Rfd8 20. c3 Kf8 21. Re2 Rac8 22. Nb3 b6 {Nevednichy,V (2552)-Moldovan,D (2427)
Brasov 2004 1/2-1/2 (39)}) ({RR} 8. a3 Bd6 9. Ng3 Bg6 10. Re1 O-O 11. Bd3 Nbd7
12. Bxg6 hxg6 13. Be3 Nd5 14. Nce4 Bxg3 15. Nxg3 Nxe3 16. fxe3 Nf6 17. b4 Qg5
18. Qf3 a5 19. c3 axb4 20. axb4 Rxa1 21. Rxa1 Nd5 22. e4 Qe3+ {Murtaza,A (2144)
-Al Namas,K (1516) Sharjah UAE 2022 1/2-1/2 (67)}) 8... Nbd7 9. h3 h5 $146 ({RR
} 9... Be7 10. Qd2 Qd8 11. Bh2 Nb6 12. Bb3 Ne4 13. Nxe4 Bxe4 14. Rad1 Bd5 15.
Qd3 Bxb3 16. Qxb3 Qd5 17. Rd3 Qxb3 18. Rxb3 Bf6 19. Bc7 Kd7 20. Bg3 Rhd8 21. a3
Rac8 22. c4 c5 23. d5 exd5 24. cxd5 {Plazaola,M (2047)-Urchipia,C (2173)
Buenos Aires 2003 1-0 (84)}) 10. Qd2 Qd8 11. Rfe1 Nb6 12. Bb3 Bd6 13. Ng3 O-O
14. Bxd6 Qxd6 15. Qg5 Bg6 16. Bxe6 Bxc2 17. Bf5 Nh7 18. Bxh7+ Bxh7 19. Nxh5 Bg6
20. Rad1 Qd8 21. Qe5 f6 22. Qe6+ Bf7 23. Qg4 Bxh5 24. Qxh5 Re8 25. Ne4 Re6 26.
Nc5 Re7 27. Kf1 Rxe1+ 28. Rxe1 Qxd4 29. Re8+ Rxe8 30. Qxe8+ Kh7 31. Qh5+ Kg8
32. Qe8+ Kh7 33. Qh5+ 1/2-1/2